| 000 | | | 05287cmc2a2200241#x 450 |
| 001 | | | 91f34aa7-03dc-4852-abdd-b5b18ea9ceed |
| 005 | | | 20240321161602.0 |
| 100 | ## | $a | 20200226l18891889k l0rusy0189 ca |
| 101 | 0# | $a | rus |
| 102 | ## | $a | RU |
| 105 | ## | $a | y### |
| 122 | 2# | $a | d18890205## |
| | $a | d18890515## |
| 200 | 1# | $a | Дело о разрешении Обществу любителей российской словесности при Императорском Московском университете устроить в течение Святой недели по одному утреннему спектаклю в Петербурге и Москве, с обращением сбора (за вычетом вечеровых расходов) в капитал, составляемый для сооружения памятника Н. В. Гоголю |
| | $j | 5 февраля - 15 мая 1889 г. |
| 215 | ## | $a | 12 листов |
| | $d | 36,5х26 см |
| 251 | ## | $c | Дело |
| 300 | ## | $a | На бланке обложки указано: "Дело Санкт-Петербургской конторы императорских театров" |
| 300 | ## | $a | Печатный и рукописный текст |
| 371 | ## | $a | Документ не является опубликованным и широко распространяемым |
| 461 | #0 | $1 | 0019264ebf8-de62-4f1a-9eb4-9f22098dbbd5 |
| | $1 | 2001 |
| | $a | Дирекция императорских театров МИДв |
| | $1 | 251 |
| | $c | Фонд |
| | $1 | 852 |
| | $j | 497 |
| 462 | #0 | $1 | 0016d2858c7-947f-46a8-934e-c3d97596ebca |
| | $1 | 2001 |
| | $a | 1879-1918 гг. |
| | $v | Д. 3991 |
| | $1 | 251 |
| | $c | Опись |
| | $1 | 852 |
| | $j | 6 |
| 801 | #0 | $a | RU |
| | $b | РГИА |
| | $c | 20200226 |
| 801 | #1 | $a | RU |
| | $b | ГлавНИВЦ |
| | $c | 20200226 |
| | $2 | rusmarc |
| 801 | #2 | $a | RU |
| | $b | ПБ им. Б.Н. Ельцина |
| | $c | 20201007 |
| | $g | RCR |
| | $2 | rusmarc |
| 850 | ## | $a | Федеральное казенное учреждение "Российский государственный исторический архив" |
| 852 | ## | $a | РГИА |
| | $j | 3991 |
| 937 | ## | $h | РГИА |
| | $d | 12338977 |
| | $a | ASBIBLIO_SCAN |
| 035 | ## | $a | RusGRCC00001460 |
| 856 | ## | $u | http://readingroom.main.prlib.ru/item.aspx?id_node=n147670581&mode=full |
| 601 | 02 | $2 | nlr_sh |
| | $3 | RU\NLR\AUTH\661285330 |
| | $a | Общество любителей российской словесности |
| | $c | Москва, город |
| | $j | Архивные дела |
| 605 | ## | $2 | acquisition_Prlib |
| | $3 | LIBNET\UAF\0000081430 |
| | $a | Н. В. Гоголь |
| | $l | коллекция |
| 605 | ## | $2 | acquisition_Prlib |
| | $3 | DITM\AF\0000003834 |
| | $a | Народ |
| | $l | коллекция |
| 600 | #1 | $2 | prlib_sh |
| | $3 | LIBNET\UAF\0000082265 |
| | $a | Гоголь |
| | $b | Н.В. |
| | $f | 1809-1852 |
| | $g | Николай Васильевич |
| | $j | Архивные дела |
| | $x | Увековечение памяти |
| 686 | ## | $2 | rubbk |
| | $a | 83.3(2=411.2)521-8Гоголь, Н.В.ю1 |
| | $v | LBC/M |